Zahraničný obchod Slovenskej republiky za január až december 1995

Uložené v:
Podrobná bibliografia
Médium: Kniha
Jazyk:Slovak
English
Vydavateľské údaje: Bratislava Štatistický úrad Slovenskej republiky 1996
Edícia:Štatistické čísla a grafy
Predmet:
Tagy: Pridať tag
Žiadne tagy, Buďte prvý, kto otaguje tento záznam!

MARC

LEADER 00000nam$a2200000$$$4500
001 0024439
005 20260205081841.6
041 0 |a slo 
041 0 |a eng 
044 |a SK 
245 1 0 |a Zahraničný obchod Slovenskej republiky za január až december 1995 
264 1 |a Bratislava  |b Štatistický úrad Slovenskej republiky  |c 1996 
300 |a 26 s. 
490 1 |a Štatistické čísla a grafy 
830 0 |a Štatistické čísla a grafy 
610 2 0 |a Slovensko 
610 2 0 |a obchod zahraničný